000 00565nam a2200193Ia 4500
999 _c7132
_d7132
003 OSt
005 20200514110950.0
008 190216s9999||||xx |||||||||||||| ||und||
020 _a8126130628
040 _coclc
082 _a332.1068
_bBHA/M
100 _aBhalla, V K
_91070
245 0 _aManagement Of Financial Services /
_cV K Bhalla
250 _a3rd rev ed.
260 _bAnmol Publications,
_aNew Delhi:
_c2006
300 _a916p
650 0 _aSocial sciences
_vEconomics
_91086
942 _cBK
_2ddc
_h332.1068
_iBHA/M
_k332.1068
_mBHA/M